000 002780000a22000970004500
100 1 _aBonilla A., Plutarco
245 1 0 _aMartín Lutero, el hombre de la Biblia (1983-1546)
300 _aVol. 51, Núm 225 (1996), Páginas 8-10
773 0 _tLa Biblia de las Américas
942 _cANA
999 _c51436
_d51436